000 00286nam a2200109Ia 4500
008 200302s9999 xx 000 0 und d
100 _aPyo mi Young
245 _aAdvanced Architecture 1 House and Hotel and Resort
260 _bDamidi Publishing Co.,
260 _c2010
300 _a335 P.,
999 _c3148
_d3148